| 000 | 01248cab a2200169 4500 | ||
|---|---|---|---|
| 001 | ##L132454 | ||
| 008 | 060209n2006 000 0 eng u | ||
| 035 | _a(Sirsi) u132454 | ||
| 245 | 0 | 0 | _aHealth impact assessment hampered by lack of guidelines |
| 260 | _c2006 | ||
| 490 |
_aENDS Report _v(372) January 2006, 7(1) |
||
| 520 | _aConsiders the role of Health Impact Assessment (HIA) in the planning process. HIA is a tool used to evaluate whether a project or proposal might reinforce health inequalities or inadvertently damage people's health. Local planning authorities are increasingly requesting them for major land developments. There is no systematic approach for the use of HIAs in the planning context and relevant guidance is lacking. Examines the Chartered Institution of Water and Environmental Management's December 2005 HIA position paper (L132451) which sees HIAs as filling the significant gaps left by environmental impact assessments and pushes for formal guidelines for their use in individual planning applications | ||
| 590 | _aIKA140206 | ||
| 650 | 2 | 4 | _aHEALTH IMPACT ASSESSMENT |
| 690 | _aENVIRONMENTAL AND LAND CONSULTANCY-ENVIRONMENTAL MANAGEMENT-ENVIRONMENTAL ASSESSMENT-ENVIRONMENTAL IMPACT ASSESSMENT | ||
| 942 | _n0 | ||
| 999 |
_c76452 _d76452 |
||